Écrire 12 et 21 85 fois en 15 seconde - Statistiques

Statistiques générales
  • Ce quiz a été pris 1 957 fois
  • Le résultat moyen est 13 sur 85
Statistiques - réponses
Réponse % Correct
12
100%
21
89%
12
83%
21
79%
12
73%
21
70%
12
68%
21
65%
12
63%
21
59%
12
54%
21
50%
12
47%
21
45%
12
42%
21
37%
12
34%
21
32%
12
28%
21
26%
12
24%
21
21%
12
19%
21
15%
12
14%
21
12%
12
10%
21
8%
12
7%
21
7%
12
6%
12
5%
21
5%
12
4%
21
4%
12
3%
21
3%
12
2%
12
2%
21
2%
21
2%
12
1%
12
1%
12
1%
12
1%
12
1%
12
1%
12
1%
21
1%
21
1%
21
1%
21
1%
21
1%
21
1%
21
1%
21
1%
12
0%
12
0%
12
0%
12
0%
12
0%
12
0%
12
0%
12
0%
12
0%
12
0%
12
0%
12
0%
12
0%
12
0%
12
0%
21
0%
21
0%
21
0%
21
0%
21
0%
21
0%
21
0%
21
0%
21
0%
21
0%
21
0%
21
0%
21
0%
21
0%
Aucun quiz correspondant
Distribution des résultats
% des personnes avec chaque résultat
Percentile par nombre de réponses
Votre historique - résultats
Vous n’avez pas pris ce quiz